00419cam a2200145ua 4500001000400000008003900004040000900043082001000052245004800062250004500110260004000155300002300195653002200218653003300240647110411n ii |||gr||||Z||||||eng cMAIN a320.91 aHistory of political theoriesbRecent times a1st / bedited by Carles Edward Merriam. aAllahabad:bCentral book depot,969. axii, 597p.:c30cm. aPolitical science aHistory of political science